| 000 | 00843nam a2200181 a 4500 | ||
|---|---|---|---|
| 001 | 000477723 | ||
| 003 | AM-YeHGA | ||
| 005 | 20250617134030.0 | ||
| 008 | 060302s1895 ai 000 | arm d | ||
| 040 | _aAM-YeHGA | ||
| 041 | 0 | _aarm | |
| 245 | 0 | 0 |
_aԱւագ շաբաթ Հայաստանեայց Առաքելական Սուրբ եկեղեցւոյ : _bԸստ կարգաւորութեան երանելի թարգմանչաց մերոց եւ այլոց սրբոց հարց. |
| 260 |
_aՆոր Ջուղա : _bտպ. Ամենափրկչեան Ս. Վանաց, _c1895. |
||
| 300 |
_a621 էջ ; _c16 սմ. |
||
| 500 | _aԻ հայրապետութեան Տ.Տ. Մկրտչի ազգասէր եւ Վեհափառ Կաթուղիկոսի Ամենայն Հայոց | ||
| 650 | 1 | 4 | _aԿրոնական տոներ, արարողություններ |
| 090 | _c176650 | ||
| 999 |
_c175207 _d175207 |
||